Time's 10 Best Graphic Novels Quiz Stats

 Plays Quiz Updated Jan 31, 2020

     
Support Sporcle.
Go Orange.
Score 0/10 Timer 04:00
0 Plays Today
Author Title % Correct
Alan Moore and Dave GibbonsWatchmen
90%
Art SpiegelmanMaus
48%
Neil GaimanSandman
47.9%
Frank MillerThe Dark Knight Returns
27.5%
HergéThe Adventures of Tintin: The Black Island
26.5%
Daniel ClowesGhost World
13%
Alison BechdelFun Home: A Family Tragicomic
7.7%
Chris WareJimmy Corrigan, the Smartest Kid on Earth
5.8%
Neil Gaiman and Mark BuckinghamMiracleman: The Golden Age
3.1%
Lynda BarryThe Greatest of Marlys
1.3%

From the Vault

NFL MVPs

by Derek

Sports 10m
The NBA and NHL are done for the year and my favorite baseball teams stink - time to start thinking about football season!
Remove Ads.
Support Sporcle.
Get the best of Sporcle when you Go Orange. This ad-free experience offers more features, more stats, and more fun while also helping to support Sporcle. Thank you for becoming a member.

Show Comments

Extras

Top Quizzes Today


Score Distribution

Your Account Isn't Verified!

In order to create a playlist on Sporcle, you need to verify the email address you used during registration. Go to your Sporcle Settings to finish the process.

Report this User

Report this user for behavior that violates our Community Guidelines.

Details: